[Event "Wch Amateurs U1700"]
[Site "Rhodes"]
[Date "2024.11.02"]
[Round "7"]
[White "Dzhaparov, Medet"]
[Black "Gnevyshev, Victor"]
[Result "1-0"]
[WhiteElo "1637"]
[BlackElo "1662"]
[PlyCount "97"]
[EventDate "2024.10.27"]
[EventType "swiss"]
[EventRounds "9"]
[EventCountry "GRE"]
[SourceTitle "CB45_2024"]
[Source "ChessBase"]
[SourceDate "2024.11.06"]
[SourceVersion "1"]
[SourceVersionDate "2024.11.06"]
[SourceQuality "1"]

1. Nf3 Nf6 2. h3 g6 3. d4 Bg7 4. Bf4 d6 5. e3 0-0 6. c3 Nfd7 7. Bc4 e5 8. Bg5 Qe8 9. 0-0 Kh8 10. dxe5 dxe5 11. e4 f6 12. Bh4 a5 13. a4 Qe7 14. Qe2 Na6 15. Nbd2 Ndc5 16. Rfd1 Be6 17. Ne1 Rfd8 18. Nd3 g5 19. Bg3 Nxd3 20. Bxd3 Qc5 21. Nf1 Bf8 22. Ne3 Bb3 23. Rdc1 Qd6 24. Bb5 Nc5 25. Nf5 Qe6 26. Qf3 c6 27. Bf1 Nxa4 28. h4 h6 29. hxg5 fxg5 30. c4 Nc5 31. Qc3 Re8 32. f3 a4 33. Bf2 Kh7 34. g4 Rad8 35. Kg2 Rd7 36. Be2 Red8 37. Rh1 Nd3 38. Bxd3 Rxd3 39. Qa5 Rd2 40. Kg3 Qxc4 41. Be3 R2d3 42. Qxe5 Qe6 43. Qxe6 Bxe6 44. Bxg5 Bd6+ 45. Nxd6 R8xd6 46. Bxh6 Rd7 47. Rxa4 Bb3 48. Rb4 Bd1 49. Bd2+ 1-0

[Event "Wch Amateurs U1700"]
[Site "Rhodes"]
[Date "2024.10.31"]
[Round "5"]
[White "Gnevyshev, Victor"]
[Black "Pathak, Anshu Kr"]
[Result "1-0"]
[WhiteElo "1662"]
[BlackElo "1642"]
[PlyCount "63"]
[EventDate "2024.10.27"]
[EventType "swiss"]
[EventRounds "9"]
[EventCountry "GRE"]
[SourceTitle "CB45_2024"]
[Source "ChessBase"]
[SourceDate "2024.11.06"]
[SourceVersion "1"]
[SourceVersionDate "2024.11.06"]
[SourceQuality "1"]

1. d4 e6 2. g3 f5 3. Bg2 Nf6 4. c4 d5 5. Nc3 c6 6. Nh3 Bd6 7. 0-0 0-0 8. Qc2 Bd7 9. f3 Be8 10. Rd1 Bg6 11. e4 fxe4 12. fxe4 Bb4 13. Nf4 Bxc3 14. Nxe6 Bxd4+ 15. Rxd4 Qe8 16. Nxf8 Qxf8 17. cxd5 cxd5 18. Bf4 Nc6 19. Rdd1 Nxe4 20. Rac1 Nxg3 21. Bxd5+ Kh8 22. Qf2 Ne2+ 23. Qxe2 Qxf4 24. Qf2 Qg5+ 25. Qg3 Qf6 26. Qg2 Bh5 27. Rf1 Qd4+ 28. Kh1 Ne5 29. Qe4 Qxb2 30. Rce1 Ng4 31. Qe8+ Rxe8 32. Rxe8+ 1-0

[Event "Wch Amateurs U1700"]
[Site "Rhodes"]
[Date "2024.10.30"]
[Round "4"]
[White "Alayza Serra, Juan Sebastian"]
[Black "Gnevyshev, Victor"]
[Result "0-1"]
[WhiteElo "1692"]
[BlackElo "1662"]
[PlyCount "70"]
[EventDate "2024.10.27"]
[EventType "swiss"]
[EventRounds "9"]
[EventCountry "GRE"]
[SourceTitle "CB45_2024"]
[Source "ChessBase"]
[SourceDate "2024.11.06"]
[SourceVersion "1"]
[SourceVersionDate "2024.11.06"]
[SourceQuality "1"]

1. d4 Nf6 2. c4 g6 3. g3 Bg7 4. Bg2 0-0 5. Nc3 d6 6. Nf3 Nc6 7. 0-0 a6 8. e4 Bg4 9. h3 Bxf3 10. Bxf3 e5 11. d5 Nd4 12. Bg2 Nd7 13. Be3 c5 14. f4 Rb8 15. f5 b5 16. cxb5 axb5 17. g4 Bf6 18. Bh6 Bg5 19. Bxf8 Qxf8 20. fxg6 hxg6 21. a4 bxa4 22. Rxa4 Qh6 23. Ra7 Nf6 24. Qa4 Rxb2 25. Ra8+ Kg7 26. Qa7 Be3+ 27. Kh1 Bf4 28. Qe7 Nxg4 29. Qf8+ Kf6 30. Qxd6+ Kg5 31. Rf8 Qxh3+ 32. Bxh3 Rh2+ 33. Kg1 Be3+ 34. Rf2 Bxf2+ 35. Kf1 Ne3# 0-1

[Event "St Petersburg Korchnoi Memorial op"]
[Site "St Petersburg"]
[Date "2023.08.23"]
[Round "8"]
[White "Gnevyshev, Victor"]
[Black "Zelyanin, Mikhail"]
[Result "1-0"]
[WhiteElo "1485"]
[BlackElo "1337"]
[PlyCount "66"]
[EventDate "2023.08.18"]
[EventType "swiss"]
[EventRounds "9"]
[EventCountry "RUS"]
[SourceTitle "CBM 216 Extra"]
[Source "ChessBase"]
[SourceDate "2023.11.30"]
[SourceVersion "1"]
[SourceVersionDate "2023.11.30"]
[SourceQuality "1"]

1. d4 d5 2. c4 e6 3. Nf3 Nf6 4. g3 Be7 5. Bg2 0-0 6. 0-0 dxc4 7. Ne5 c5 8. dxc5 Bxc5 9. Nxc4 Nc6 10. Nc3 Bd7 11. Bg5 Be7 12. Qb3 b6 13. Rfd1 Qc7 14. Nb5 Qc8 15. Rac1 Nd5 16. Bxe7 Ncxe7 17. Nxb6 Qxc1 18. Rxc1 axb6 19. Nc3 Rfc8 20. Qd1 Nxc3 21. Rxc3 Rxc3 22. bxc3 Bc6 23. Qd6 Bxg2 24. Kxg2 Ng6 25. Qxb6 Rxa2 26. Qb8+ Nf8 27. e4 h6 28. c4 Rc2 29. Qb3 Rc1 30. e5 Ng6 31. f4 h5 32. Qb4 Rc2+ 33. Kf3 Rxh2 1-0

[Event "St Petersburg Korchnoi Memorial op"]
[Site "St Petersburg"]
[Date "2023.08.22"]
[Round "7"]
[White "Karelov, Pavel"]
[Black "Gnevyshev, Victor"]
[Result "1-0"]
[WhiteElo "1960"]
[BlackElo "1485"]
[PlyCount "65"]
[EventDate "2023.08.18"]
[EventType "swiss"]
[EventRounds "9"]
[EventCountry "RUS"]
[SourceTitle "CBM 216 Extra"]
[Source "ChessBase"]
[SourceDate "2023.11.30"]
[SourceVersion "1"]
[SourceVersionDate "2023.11.30"]
[SourceQuality "1"]

1. c4 Nf6 2. Nc3 g6 3. g3 Bg7 4. Bg2 0-0 5. e3 d6 6. Nge2 e5 7. d4 Re8 8. 0-0 e4 9. d5 Nbd7 10. Qc2 Qe7 11. b4 Nf8 12. Nd4 h5 13. Bd2 N8h7 14. Rae1 Ng5 15. Nce2 Bg4 16. Nf4 Nf3+ 17. Bxf3 Bxf3 18. Nxf3 exf3 19. e4 g5 20. Nh3 Nh7 21. e5 Qd7 22. e6 fxe6 23. dxe6 Rxe6 24. Qf5 Rae8 25. Bxg5 Qf7 26. Qxf7+ Kxf7 27. Re3 Rxe3 28. fxe3 Nxg5 29. Nxg5+ Kg6 30. Nxf3 Rxe3 31. Nh4+ Kh7 32. Rf7 Kg8 33. Rxg7+ 1-0

[Event "St Petersburg Korchnoi Memorial op"]
[Site "St Petersburg"]
[Date "2023.08.21"]
[Round "6"]
[White "Gnevyshev, Victor"]
[Black "Zhukov, Konstantin"]
[Result "0-1"]
[WhiteElo "1485"]
[BlackElo "1743"]
[PlyCount "58"]
[EventDate "2023.08.18"]
[EventType "swiss"]
[EventRounds "9"]
[EventCountry "RUS"]
[SourceTitle "CBM 216 Extra"]
[Source "ChessBase"]
[SourceDate "2023.11.30"]
[SourceVersion "1"]
[SourceVersionDate "2023.11.30"]
[SourceQuality "1"]

1. d4 Nf6 2. c4 g6 3. Nf3 Bg7 4. g3 0-0 5. Bg2 d6 6. 0-0 Nc6 7. Nc3 a6 8. h3 e5 9. e4 exd4 10. Nxd4 Nxd4 11. Qxd4 Re8 12. Qd3 Nd7 13. f4 Nc5 14. Qc2 f5 15. e5 dxe5 16. fxe5 Bxe5 17. Be3 Ne6 18. Rad1 Qe7 19. Nd5 Qg7 20. g4 Nd4 21. Qd3 Nc6 22. g5 Be6 23. b4 Rad8 24. b5 axb5 25. cxb5 Nb4 26. Qb3 Nxd5 27. Bxd5 Rxd5 28. Rxd5 Qf7 29. Rfd1 c6 0-1

[Event "St Petersburg Korchnoi Memorial op"]
[Site "St Petersburg"]
[Date "2023.08.19"]
[Round "3"]
[White "Suleymanov, Askhab"]
[Black "Gnevyshev, Victor"]
[Result "1-0"]
[WhiteElo "1260"]
[BlackElo "1485"]
[PlyCount "35"]
[EventDate "2023.08.18"]
[EventType "swiss"]
[EventRounds "9"]
[EventCountry "RUS"]
[SourceTitle "CBM 216 Extra"]
[Source "ChessBase"]
[SourceDate "2023.11.30"]
[SourceVersion "1"]
[SourceVersionDate "2023.11.30"]
[SourceQuality "1"]

1. e4 e6 2. d4 d5 3. exd5 exd5 4. Nf3 Bd6 5. Bd3 Ne7 6. 0-0 0-0 7. Bg5 c6 8. c4 dxc4 9. Bxc4 Bg4 10. h3 Bh5 11. Nbd2 Qc7 12. Re1 Re8 13. Ne4 Bf4 14. g3 Bxg5 15. Nexg5 b5 16. Bxf7+ Bxf7 17. Nxf7 Kxf7 18. Ng5+ 1-0